Respuesta inelástica por etapas en marcos de concreto reforzado
Wedi'i Gadw mewn:
| Prif Awdur: | |
|---|---|
| Fformat: | Llyfr |
| Iaith: | Spanish |
| Cyhoeddwyd: |
[San José , Costa Rica]
1982
|
| Pynciau: | |
| Tagiau: |
Ychwanegu Tag
Dim Tagiau, Byddwch y cyntaf i dagio'r cofnod hwn!
|
MARC
| LEADER | 00000nam a22000007a 4500 | ||
|---|---|---|---|
| 003 | 002073 | ||
| 005 | 20221231144421.0 | ||
| 008 | 190213b1982 c a|||| |m|| 00| ||spa d | ||
| 040 | |c cru CEDI | ||
| 090 | |a TFG 1250 | ||
| 100 | |9 15422 |a Tioli Díaz, Mario Alberto | ||
| 245 | |a Respuesta inelástica por etapas en marcos de concreto reforzado | ||
| 260 | |a [San José , Costa Rica] |c 1982 | ||
| 300 | |a 74, [29] hojas : ilustraciones ; 28 cm | ||
| 500 | |a Proyecto de graduación (licenciatura en ingeniería civil)--Universidad de Costa Rica. Facultad de Ingeniería. Escuela de Ingeniería Civil | ||
| 650 | |x CONSTRUCCIONES ANTISISMICAS |x CONSTRUCCIONES DE HORMIGON ARMADO |9 14715 | ||
| 942 | |c TFG | ||
| 999 | |c 21587 |d 21587 | ||
